| 000 | 00580nam a2200217 a 4500 | ||
|---|---|---|---|
| 008 | 960119s1972||||xx 0 slv c | ||
| 040 |
_aSNK _bslo _cSNK _eAACR2 |
||
| 041 | 1 | _aslo | |
| 080 | _a830-3 Ludwig, E.=854 | ||
| 100 | 1 |
_aLudwig, Emil _4aut |
|
| 245 | 1 | 0 |
_aKleopatra _cEmil Ludwig ; přel. Perla Bžochová |
| 250 | _a1., vyd. | ||
| 260 |
_aBratislava _bPravda _c1972 _eŽilina _fTlač. záv. |
||
| 300 |
_a249, [4] s. _c20 cm |
||
| 490 | 0 | _aČlenská knižnica | |
| 700 | 1 |
_aBžochová, Perla _4trl |
|
| 765 | 0 | _t... | |
| 044 |
_axo _cSK |
||
| 020 | _c16 | ||
| 958 | _aA | ||
| 999 |
_c12125 _d12125 |
||